|
|
|
|
| LEADER |
00803nam a2200193 a 4500 |
| 001 |
GR-MES105 |
| 008 |
991111s nyu 000 b eng d |
| 020 |
|
|
|a 0471056650
|
| 040 |
|
|
|a GrPaTEI
|b gre
|c GR-PaULI
|
| 245 |
0 |
0 |
|a Seawater aquariums :
|b Τhe captive environment.
|
| 260 |
|
|
|a New York :
|b John Wiley and Sons,
|c c1979
|
| 300 |
|
|
|a xxii,413σελ. :
|b εικ.,πιν.
|
| 500 |
|
|
|a Βιβλιογραφικές παραπομπές :σελ.339-370
|
| 650 |
|
4 |
|a Θαλάσσια ενυδρεία
|
| 700 |
1 |
|
|a Spotte, Stephen
|
| 942 |
|
|
|2 ddc
|
| 952 |
|
|
|0 0
|1 0
|2 ddc
|4 0
|6 639_340000000000000_SPO
|7 0
|9 263375
|a MSLG
|b MSLG
|c BSC
|d 2021-01-17
|e 24
|f 0
|g 0.00
|l 0
|o 639.34 SPO
|p 2420000003914
|r 2021-01-17 00:00:00
|t 1
|w 2021-01-17
|y BK15
|x 19991111 0 1
|x GrPaTEI
|
| 971 |
|
|
|a .b25711465
|b 15-04-20
|c 13-09-16
|
| 999 |
|
|
|c 151595
|d 151595
|